000 00493nam a22001817a 4500
999 _c5971
_d5971
003 GBCCL
005 20241126110553.0
008 180419b ||||| |||| 00| 0 eng d
040 _cgbc
082 _a305.26
_bSOU
100 _aSoule, George
_910783
245 _aLonger life /
_cGeorge Soule
260 _aNew York:
_bViking Press,
_c1958
300 _a151 p.;
_c22 cm.
650 _aOlder people
_zUnited States
_910784
650 _aAge and employment
_zUnited States
_910785
942 _2ddc
_cBK